| 000 | 00429nam a22001697a 4500 | ||
|---|---|---|---|
| 003 | NUST - PNEC | ||
| 005 | 20170116181119.0 | ||
| 008 | 151004b xxu||||| |||| 00| 0 eng d | ||
| 020 | _a0408000864 | ||
| 040 | _cLIBRARY | ||
| 082 | _a671.73 DEN | ||
| 100 |
_913370 _aDennis, J. K. |
||
| 245 |
_aNickel and chromium plating _cJ. K. Dennis |
||
| 260 | _cc.1972 | ||
| 650 |
_913371 _aNickel-plating _xIME, ME |
||
| 942 |
_2ddc _cBK |
||
| 999 |
_c69475 _d69475 |
||